| 000 | 00398nam a2200169Ia 4500 | ||
|---|---|---|---|
| 005 | 20250516010542.0 | ||
| 008 | 240331s9999 xx 000 0 und d | ||
| 020 | _a9789555050401 | ||
| 082 |
_bJAY _a294 |
||
| 100 | _aJayathilake,Y.D | ||
| 245 | 0 | _aMalwara siritha | |
| 250 | _a2nd | ||
| 260 |
_aSri Lanka _bAuthor _c2007 |
||
| 300 | _a299 p ., ( C 2) | ||
| 500 | _aA Book on Puberty | ||
| 942 | _cL | ||
| 999 |
_c5144 _d5144 |
||